[Event "Olympiad-44"]
[Site "Chennai"]
[Date "2022.08.01"]
[Round "4.4"]
[White "Thomas, Larry"]
[Black "Cabunagan, Tito"]
[Result "1-0"]
[WhiteElo "1317"]
[BlackElo "1706"]
[PlyCount "97"]
[EventDate "2022.07.29"]
[EventType "team-swiss"]
[EventRounds "11"]
[EventCountry "IND"]
[SourceTitle "CBM 210"]
[Source "ChessBase"]
[SourceDate "2022.10.31"]
[SourceVersion "1"]
[SourceVersionDate "2022.10.31"]
[SourceQuality "1"]
[WhiteTeam "Dominica"]
[BlackTeam "Palau"]
[BlackTeamCountry "PAL"]

1. d4 d5 2. Nc3 c6 3. Bf4 Bf5 4. e3 e6 5. Bd3 Bxd3 6. Qxd3 Bd6 7. Bg3 Bxg3 8. hxg3 h6 9. Nf3 Nd7 10. a4 a6 11. e4 dxe4 12. Nxe4 Ndf6 13. c3 Nxe4 14. Qxe4 Nf6 15. Qc2 Qd5 16. 0-0 0-0 17. Rfe1 Rfe8 18. Rad1 Rab8 19. b4 b5 20. a5 Qf5 21. Qxf5 exf5 22. Ne5 Rbc8 23. f3 Re6 24. Kf2 Rce8 25. Nd3 Rxe1 26. Rxe1 Rxe1 27. Kxe1 Nd5 28. Kd2 f6 29. Nc5 Nc7 30. Nd7 Kf7 31. Nb8 Ke6 32. Nxc6 Kd7 33. Nb8+ Kc8 34. Nc6 Kd7 35. d5 Kd6 36. Nd4 g6 37. Ne6 Nxd5 38. Nc5 Nc7 39. Kd3 g5 40. Nb7+ Ke5 41. c4 bxc4+ 42. Kxc4 Ne6 43. Nc5 Nc7 44. Nxa6 Nxa6 45. b5 Nc7 46. b6 Ne8 47. Kc5 Ke6 48. a6 Kd7 49. a7 1-0

[Event "Oceania zt 3.6"]
[Site "Auckland"]
[Date "2017.01.18"]
[Round "7"]
[White "Cabunagan, Tito"]
[Black "Shen, Kevin"]
[Result "0-1"]
[WhiteElo "1779"]
[BlackElo "1672"]
[PlyCount "92"]
[EventDate "2017.01.14"]
[EventType "swiss"]
[EventRounds "9"]
[EventCountry "NZL"]
[SourceTitle "EXT 2018"]
[Source "ChessBase"]
[SourceDate "2017.10.13"]
[SourceVersion "1"]
[SourceVersionDate "2017.10.13"]
[SourceQuality "1"]

1. e4 c6 2. Nf3 d5 3. exd5 cxd5 4. d4 Bf5 5. Bd3 Bxd3 6. Qxd3 Nc6 7. 0-0 e6 8. a3 Bd6 9. Bg5 Nf6 10. Re1 0-0 11. Nc3 a6 12. Ne5 Qc7 13. Bxf6 gxf6 14. Nf3 Kh8 15. Ne2 Rg8 16. g3 Rg7 17. Kh1 Rag8 18. Rg1 Ne7 19. Nh4 Ng6 20. Nxg6+ hxg6 21. Raf1 Rh7 22. Rg2 Kg7 23. Kg1 Rgh8 24. f4 Rh3 25. Rff2 R8h7 26. Kf1 Qb6 27. Ng1 R3h5 28. c3 e5 29. dxe5 Bc5 30. exf6+ Kxf6 31. Re2 Bxg1 32. Rxg1 Rxh2 33. Qd4+ Qxd4 34. cxd4 Rxe2 35. Kxe2 Rh2+ 36. Kd3 Rxb2 37. Kc3 Ra2 38. Kb4 Rc2 39. Rd1 Kf5 40. Kb3 Rg2 41. Rd3 Kg4 42. a4 Rxg3 43. Rxg3+ Kxg3 44. Kb4 Kxf4 45. Kc5 g5 46. Kxd5 g4 0-1

[Event "Palau 3rd"]
[Site "Koror"]
[Date "2011.12.14"]
[Round "1"]
[White "Gonzales, Dennis"]
[Black "Cabunagan, Tito"]
[Result "0-1"]
[WhiteElo "1611"]
[BlackElo "1863"]
[PlyCount "90"]
[EventDate "2011.12.14"]
[EventType "tourn"]
[EventRounds "9"]
[EventCountry "AUS"]
[SourceTitle "CBM 146 Extra"]
[Source "ChessBase"]
[SourceDate "2012.02.29"]
[SourceVersion "1"]
[SourceVersionDate "2012.02.29"]
[SourceQuality "1"]

1. d4 d5 2. Nf3 Nc6 3. Bf4 Bg4 4. e3 a6 5. Be2 e6 6. a3 h6 7. Ne5 Bxe2 8. Qxe2 Na7 9. Qf3 Nf6 10. Nd2 c5 11. 0-0 cxd4 12. exd4 Bd6 13. c4 Bxe5 14. Bxe5 Nc6 15. cxd5 Nxe5 16. dxe5 Nxd5 17. Rad1 0-0 18. Ne4 Rb8 19. Qg3 Kh7 20. Rd3 Qc7 21. f4 Qb6+ 22. Rf2 Rbd8 23. h3 Nxf4 24. Re3 Ng6 25. Ref3 Qd4 26. Nf6+ gxf6 27. exf6 Rg8 28. Re3 Nh4 29. Qe5 Qxe5 30. Rxe5 Rd5 31. Re4 Nf5 32. Kh2 h5 33. g4 hxg4 34. hxg4 Nd6 35. Rb4 b5 36. Kg3 Nc4 37. a4 a5 38. Rxb5 Rxb5 39. axb5 Rb8 40. b3 Nd6 41. Kh4 Rxb5 42. Rf3 Kg6 43. Rf4 Ne8 44. g5 Rxg5 45. Ra4 Nxf6 0-1